000 00283nam a2200133Ia 4500
100 _aPearce/A.V.H
942 _cBK
654 _aWorkshops
245 _aHand Book Of The Workshops
260 _bYeravda Prison
_aPoona
_c1950
082 _a670.4
300 _a306
546 _aENGLISH
999 _c30629
_d30629